<?xml version="1.0" encoding="UTF-8"?>
<record
    xmlns:xsi="http://www.w3.org/2001/XMLSchema-instance"
    xsi:schemaLocation="http://www.loc.gov/MARC21/slim http://www.loc.gov/standards/marcxml/schema/MARC21slim.xsd"
    xmlns="http://www.loc.gov/MARC21/slim">

  <leader>01251nam a22002657a 4500</leader>
  <datafield tag="999" ind1=" " ind2=" ">
    <subfield code="c">22751</subfield>
    <subfield code="d">22751</subfield>
  </datafield>
  <controlfield tag="003">AR-CdUCM</controlfield>
  <controlfield tag="008">240110b20212021pe ||||| |||| 00| 0 spa d</controlfield>
  <datafield tag="040" ind1=" " ind2=" ">
    <subfield code="a">MUNICIPALIDAD PROVINCIAL DEL CUSCO</subfield>
    <subfield code="c">BIBLIOTECA MUNICIPAL DEL CUSCO</subfield>
  </datafield>
  <datafield tag="082" ind1=" " ind2=" ">
    <subfield code="a">F344.2 / O44</subfield>
    <subfield code="b">O44</subfield>
  </datafield>
  <datafield tag="100" ind1=" " ind2=" ">
    <subfield code="a">Olivera Sarmiento, Edgardo C&#xE9;sar</subfield>
  </datafield>
  <datafield tag="245" ind1=" " ind2=" ">
    <subfield code="a">Las 100 Audiencias en el Nuevo c&#xF3;digo Procesal Penal Peruano :</subfield>
    <subfield code="b">El desagregado m&#xE1;s completo del sistema de audiencias en el Nuevo Proceso Penal Peruano /</subfield>
  </datafield>
  <datafield tag="260" ind1=" " ind2=" ">
    <subfield code="c">2021</subfield>
    <subfield code="a">Cusco :</subfield>
    <subfield code="b">Danny's Graff E.I.R.L.</subfield>
  </datafield>
  <datafield tag="300" ind1=" " ind2=" ">
    <subfield code="a"> 656 p&#xE1;ginas. :</subfield>
    <subfield code="c">30 cm.</subfield>
  </datafield>
  <datafield tag="505" ind1=" " ind2=" ">
    <subfield code="a">Audiencia &#xFA;nica de ampliaci&#xF3;n del principio de oportunidad, sede fiscal -- Audiencia para resolver la cuesti&#xF3;n previa -- Audiencia de tutela de los derechos del imputado -- Audiencias en los procesos penales -- Proceso especial de seguridad -- Proceso por colaboraci&#xF3;n eficaz</subfield>
  </datafield>
  <datafield tag="650" ind1=" " ind2=" ">
    <subfield code="a">Audiencias </subfield>
    <subfield code="9">43946</subfield>
  </datafield>
  <datafield tag="650" ind1=" " ind2=" ">
    <subfield code="a">Proceso Com&#xFA;n</subfield>
    <subfield code="9">49270</subfield>
  </datafield>
  <datafield tag="650" ind1=" " ind2=" ">
    <subfield code="a">Procesos especiales</subfield>
    <subfield code="9">49271</subfield>
  </datafield>
  <datafield tag="650" ind1=" " ind2=" ">
    <subfield code="a">Ejecuci&#xF3;n de sentencias</subfield>
    <subfield code="9">49272</subfield>
  </datafield>
  <datafield tag="650" ind1=" " ind2=" ">
    <subfield code="a">Cese de prisi&#xF3;n preventiva </subfield>
    <subfield code="9">49273</subfield>
  </datafield>
  <datafield tag="650" ind1=" " ind2=" ">
    <subfield code="a">Juicio oral</subfield>
    <subfield code="9">8706</subfield>
  </datafield>
  <datafield tag="650" ind1=" " ind2=" ">
    <subfield code="a">Audiencia en proceso por faltas</subfield>
    <subfield code="9">49274</subfield>
  </datafield>
  <datafield tag="942" ind1=" " ind2=" ">
    <subfield code="2">ddc</subfield>
    <subfield code="c">LIBROS</subfield>
  </datafield>
  <datafield tag="945" ind1=" " ind2=" ">
    <subfield code="a">pbj</subfield>
    <subfield code="d">10-01-2024</subfield>
  </datafield>
  <datafield tag="952" ind1=" " ind2=" ">
    <subfield code="0">0</subfield>
    <subfield code="2">ddc</subfield>
    <subfield code="4">0</subfield>
    <subfield code="7">0</subfield>
    <subfield code="a">SH</subfield>
    <subfield code="b">SH</subfield>
    <subfield code="c">CART</subfield>
    <subfield code="d">2024-01-10</subfield>
    <subfield code="e">Dep&#xF3;sito Legal</subfield>
    <subfield code="g">50.00</subfield>
    <subfield code="o">F344.2 / O44 </subfield>
    <subfield code="p">SH0000016571</subfield>
    <subfield code="r">2024-01-10</subfield>
    <subfield code="y">LIBROS</subfield>
  </datafield>
</record>
